| 000 | 00651nam 22002173 4500 | ||
|---|---|---|---|
| 001 | 199434 | ||
| 010 | _a978-989-687-938-9 | ||
| 021 | _b544170/25 | ||
| 090 | _a199434 | ||
| 100 | _a20251205d u||y0pory50 ba | ||
| 200 |
_aEasyway o método fácil para deixar de fumar mesmo sem força de vontade _fAllen Carr _gtradução de Margarida Pacheco Nunes |
||
| 205 | _a2ª | ||
| 210 |
_aLisboa _cPergaminho _d2025 |
||
| 215 |
_a292 p. _cbrochado _d23 cm |
||
| 606 |
_93658 _aMedicina _xSaúde e Bem-estar |
||
| 610 | _aTabagismo | ||
| 675 |
_a61 _vPT _zpor |
||
| 700 |
_913069 _aCarr _bAllen |
||
| 801 |
_aPT _bBMMN _gRPC |
||
| 830 |
_cFernando _fFernando |
||
| 990 | _cLIVROS | ||